Jazz (Il). Una civiltà musicale afro-americana ed Europea (Record n. 94502)

Dettagli MARC
000 -LEADER
fixed length control field 01194nam a2200289Ia 4500
001 - CONTROL NUMBER
control field F6969
003 - CONTROL NUMBER IDENTIFIER
control field IT-RoPAU
008 - FIXED-LENGTH DATA ELEMENTS--GENERAL INFORMATION
fixed length control field 130308s9999 xx 000 0 und d
040 ## - CATALOGING SOURCE
Original cataloging agency IT-RoPAU
040 ## - CATALOGING SOURCE
Transcribing agency IT-RoPAU
041 ## - LANGUAGE CODE
Language code of text/sound track or separate title ITALIANO
100 ## - MAIN ENTRY--PERSONAL NAME
Personal name Cerchiari Luca
100 ## - MAIN ENTRY--PERSONAL NAME
Miscellaneous information Codice Aut. SPICS: 8191
245 ## - TITLE STATEMENT
Title Jazz (Il). Una civiltà musicale afro-americana ed Europea
245 ## - TITLE STATEMENT
Remainder of title Jazz (Il). Una Civilta' Musicale Afro-Americana ed Europea
250 ## - EDITION STATEMENT
Edition statement 1a ed.
260 ## - PUBLICATION, DISTRIBUTION, ETC. (IMPRINT)
Place of publication, distribution, etc. MILANO
260 ## - PUBLICATION, DISTRIBUTION, ETC. (IMPRINT)
Name of publisher, distributor, etc. Bompiani
260 ## - PUBLICATION, DISTRIBUTION, ETC. (IMPRINT)
Date of publication, distribution, etc. 1997 [1° Ed.:1997 - Ed.Ling.Originale:1997]
300 ## - PHYSICAL DESCRIPTION
Extent "348 p. (prefazione: no ; testo: 348 [pagine: 0-0])"
500 ## - GENERAL NOTE
General note Jazz Dalla Storia Alla Musicologia. Fonti Africane. Fonti Europee. Fonti Americane. Fra Teoria e Storia: Verso una Nuova Definizione del Jazz. relazioni con la Musica del Novecento e Contributo del Jazz Alla Musicologia. Bibliografia. Discografia. Glossario del Jazz. Musica Piu' Rappresentativa Delricco e Composito Panorama di forze creative Cha Ha Caratterizzato Il Novecento Musicale.
650 ## - SUBJECT ADDED ENTRY--TOPICAL TERM
Topical term or geographic name as entry element STORIA NAZIONALE DELLA MUSICA
650 ## - SUBJECT ADDED ENTRY--TOPICAL TERM
Relator term Codice materia Spics: 7009
942 ## - ADDED ENTRY ELEMENTS (KOHA)
Koha item type LIBRO
957 ## -
-- 1
999 ## - SYSTEM CONTROL NUMBERS (KOHA)
-- 1
Dati di copia
Withdrawn status Lost status Damaged status Not for loan Home library Current library Date acquired Total Checkouts Full call number Date last seen Price effective from Koha item type Public note
    Buone Condizioni Not For Loan SPICS-MEDIATECA SPICS-MEDIATECA 08/03/2013   F6969 08/03/2013 08/03/2013 LIBRO Progressivo inserimento: 48975 / N. Volumi: 1 Copie: 1 / data import: 1 marzo 2013 - By Epidotti, Trombetti, Vaglietti.
CREDITS: SOCIETA' SAN PAOLO Via A.Severo, 58 - ROMA (RM) & PERIODICI SAN PAOLO SRL Via Giotto, 36 MILANO & CISF Via Giotto, 36 MILANO & EDIZIONI SAN PAOLO SRL,  Piazza Soncino, 5 CINISELLO BALSAMO (MI) -- ITALY